Desafío social de las comunidades en situación de pobreza en tiempos de covid19 Cartagena 2022 / (Registro nro. 4138)

Detalles MARC
000 -LEADER
fixed length control field 01773nam a2200289 4500
001 - CONTROL NUMBER
control field 0000100124
005 - DATE AND TIME OF LATEST TRANSACTION
control field 20250329165436.0
008 - FIXED-LENGTH DATA ELEMENTS--GENERAL INFORMATION
fixed length control field 190730s2024 000 0 eng d
040 ## - CATALOGING SOURCE
Original cataloging agency CO-CtgCURN
Language of cataloging spa
Transcribing agency coctgcurn
041 0# - LANGUAGE CODE
Language code of text/sound track or separate title spa
082 0# - DEWEY DECIMAL CLASSIFICATION NUMBER
Classification number ENF2024
Item number S161
100 1# - MAIN ENTRY--PERSONAL NAME
Personal name Salazar Martínez, Lusila Bernarda.
245 10 - TITLE STATEMENT
Title Desafío social de las comunidades en situación de pobreza en tiempos de covid19 Cartagena 2022 /
Statement of responsibility, etc. Lusila Bernarda Salazar Martínez; Vicky Pérez Miranda; directora Sandra Lorena Vallejo Arias.
260 ## - PUBLICATION, DISTRIBUTION, ETC.
Place of publication, distribution, etc. Cartagena de Indias :
Name of publisher, distributor, etc. Corporación Universitaria Rafael Núñez,
Date of publication, distribution, etc. 2024.
300 ## - PHYSICAL DESCRIPTION
Extent 138 hojas.
336 ## - CONTENT TYPE
Source rdacontent
Content type term text
Content type code txt
337 ## - MEDIA TYPE
Source rdacarrier
Media type term sin mediacion
Media type code n
338 ## - CARRIER TYPE
Source rdacarrier
Carrier type term volumen
Carrier type code nc
502 ## - DISSERTATION NOTE
Dissertation note Trabajo de grado (Enfermeria). Corporacion Universitaria Rafael Nuñez. Facultad de Ciencias de la salud. Enfermeria, 2024.
520 ## - SUMMARY, ETC.
Summary, etc. "Los contagios y muertes por COVID-19 alcanzaron cifras impresionantes, esto oblig a los entes encargados a extremar medidas de contención, con lo que vinieron afecciones en salud mental, violencia intrafamiliar, pérdida de empleos y alteración de la economía mundial. En la ciudad de Cartagena, en 2020 incrementó la tasa de desempleo por el cierre del sector turístico dejando familias sin un sustento oficial"
650 #0 - SUBJECT ADDED ENTRY--TOPICAL TERM
Topical term or geographic name entry element Enfermeria
Form subdivision Tesis y disertaciones academicas.
700 1# - ADDED ENTRY--PERSONAL NAME
Personal name Pérez Miranda, Vicky.
700 1# - ADDED ENTRY--PERSONAL NAME
Personal name Vallejo Arias, Sandra Lorena,
Relator term directora.
856 ## - ELECTRONIC LOCATION AND ACCESS
Uniform Resource Identifier <a href="https://unicurn.sharepoint.com/:b:/s/biblioteca/EXDBvi6g9rdBs2Qw5zrTqggB6SEKcd2yc56kPAKD5X_hog?e=N3012r">https://unicurn.sharepoint.com/:b:/s/biblioteca/EXDBvi6g9rdBs2Qw5zrTqggB6SEKcd2yc56kPAKD5X_hog?e=N3012r</a>
Public note Click para ver el recurso en texto completo
942 ## - ADDED ENTRY ELEMENTS (KOHA)
Koha item type Trabajos de grado
Classification part ENF 2024
Item part S161
Existencias
Withdrawn status Lost status Damaged status Not for loan Collection Home library Current library Shelving location Date acquired Cost, normal purchase price Inventory number Total checkouts Full call number Barcode Date last seen Price effective from Koha item type
        Trabajos de grado Miguel Henríquez Emiliani Miguel Henríquez Emiliani Trabajo de grado 03/29/2025 35000.00 025393   ENF 2024 S161 025393 03/29/2025 03/29/2025 Trabajos de grado